Statistics for Fortnite season 7 names locations

Click here to take the quiz!

General Stats

  • This quiz has been taken 137 times
    (126 since last reset)
  • The average score is 16 of 21

Answer Stats

HintAnswer% Correct
TTilted towers
93%
PPleasant park
86%
DDusty divot
83%
RRetail Row
83%
JJunk junction
80%
SSalty springs
80%
LLucky landing
77%
PPolar Peak
77%
LLoot lake
76%
PParadise palms
76%
SSnobby Shores
76%
HHaunted hills
74%
WWailing Woods
74%
FFatal fields
73%
HHappy hamlet
71%
LLonely lodge
71%
FFrosty flights
67%
LLazy Links
67%
SShifty shafts
64%
RRisky Reels
59%
TTomato temple
58%

Score Distribution

Percentile by Number Answered

Percent of People with Each Score

Your Score History

You have not taken this quiz since the last reset